• 首页
  • 本馆介绍
  • 公告通知
  • 最新文献
  • 馆藏检索
  • 电子资源
  • 读者导购
  • 参考咨询
  • 我的图书馆
  • 登录
  • 详细信息显示
  • 放入我的书架
  • 预约/预借图书
  • 作者相关作品
  • 分类相关作品
  • 丛书相关作品
  • 出版社相关作品

书目信息

  • 表格格式
  • 工作单格式
  • 卡片格式
题名:
冷锋
    
 
作者: 马季 编著
分册:  
出版信息: 北京   蓝天出版社  2005
页数: 251页
开本: 23cm
丛书名:
单 册:
中图分类: E19-49
科图分类:
主题词: 战争史--世界--通俗读物 , 战争史
电子资源:
ISBN: 7-80158-578-X
000 00781nam0 2200241 450
001 002832923
005 20061104091618.87
010    @a7-80158-578-X@dCNY26.80
100    @a20050401d2005 em y0chiy0110 ea
101 0  @achi
102    @aCN@b110000
105    @aa z 000yy
200 1  @a冷锋@9leng feng@e世界著名狙击手持枪生涯@f马季编著
210    @a北京@c蓝天出版社@d2005
215    @a251页@c照片@d23cm
330    @a本书内容包括:狙击简史、杰出狙击手的故事、十字线——地狱之门、电影中的狙击手、狙击的艺术等。
517 1  @a世界著名狙击手持枪生涯@9shi jie zhu ming ju ji shou chi qiang sheng ya
606 0  @a战争史@y世界@j通俗读物
606 0  @a战争史
690    @aE19-49@v4
701  0 @a马季@9ma ji@c(编辑)@4编著
801  0 @aCN@bNLC@c20061104
905    @a10447@dE19-49@e25
    
    冷锋:世界著名狙击手持枪生涯/马季编著.-北京:蓝天出版社,2005
    251页:照片;23cm
    
    
    ISBN 7-80158-578-X:CNY26.80
    本书内容包括:狙击简史、杰出狙击手的故事、十字线——地狱之门、电影中的狙击手、狙击的艺术等。
●
相关链接 在E读中查询图书 在五车中查询图书 在当当中查询图书 在豆瓣中查询图书


正题名:冷锋     索取号:E19-49/25         预约/预借

序号 登录号 条形码 馆藏地/架位号 状态 备注
1 0381126   203811269   第一样本阅览室/ [索取号:E19-49/25] 在馆    
2 0381127   203811278   第一借阅区/ [索取号:E19-49/25] 在馆    
3 0381128   203811287   第一借阅区/ [索取号:E19-49/25] 在馆    
4 0381129   203811296   第一借阅区/ [索取号:E19-49/25] 在馆    
5 0381130   203811303   第一借阅区/ [索取号:E19-49/25] 在馆    
唐山师范学院图书馆 欢迎您!
大连网信软件有限公司© 版权所有